Dr. S. R. Lasker Library Online Catalogue

Home      Library Home      Institutional Repository      E-Resources      MyAthens      EWU Home

Students favourite dictionary : (Record no. 2727)

MARC details
000 -LEADER
fixed length control field 00724nam a2200277Ia 4500
001 - CONTROL NUMBER
control field 2790
003 - CONTROL NUMBER IDENTIFIER
control field EWU MFN
005 - DATE AND TIME OF LATEST TRANSACTION
control field 20141222140556.0
008 - FIXED-LENGTH DATA ELEMENTS--GENERAL INFORMATION
fixed length control field 110604s9999 xx 000 0 und d
035 ## - SYSTEM CONTROL NUMBER
System control number (OCoLC)
040 ## - CATALOGING SOURCE
Original cataloging agency BD-DhEWU
Modifying agency BD-DhEWU
Language of cataloging eng
Transcribing agency BD-DhEWU
041 ## - LANGUAGE CODE
Language code of text/sound track or separate title ENG
082 ## - DEWEY DECIMAL CLASSIFICATION NUMBER
Classification number 423.39149
Item number DES 0
100 1# - MAIN ENTRY--PERSONAL NAME
Personal name DEV,, Ashu Tosh
9 (RLIN) 13580
245 10 - TITLE STATEMENT
Title Students favourite dictionary :
Remainder of title bengali to english
250 ## - EDITION STATEMENT
Edition statement 20th ed.
260 ## - PUBLICATION, DISTRIBUTION, ETC. (IMPRINT)
Place of publication, distribution, etc Dhaka :
Name of publisher, distributor, etc Abdur Rahman,
Date of publication, distribution, etc 0
300 ## - PHYSICAL DESCRIPTION
Extent 1290:00:00
Other physical details ill ;
526 ## - STUDY PROGRAM INFORMATION NOTE
Program name English
590 ## - LOCAL NOTE (RLIN)
Local note Rokon Mahamud
653 #1 - INDEX TERM--UNCONTROLLED
Uncontrolled term Dicionary Dictionary Bengali to English
Uncontrolled term Dictionary
856 ## - ELECTRONIC LOCATION AND ACCESS
Materials specified WorldCat details
942 ## - ADDED ENTRY ELEMENTS (KOHA)
Koha item type Text
Source of classification or shelving scheme Dewey Decimal Classification
953 ## - Fulltext in GSDL
Is Fulltext Available in GSDL? Not Avaialable
Holdings
Withdrawn status Lost status Source of classification or shelving scheme Damaged status Not for loan Collection code Home library Current library Shelving location Date acquired Source of acquisition Cost, normal purchase price Total Checkouts Full call number Barcode Copy number Koha item type Date last seen Price effective from
    Dewey Decimal Classification   Not For Loan Reference Dr. S. R. Lasker Library, EWU Dr. S. R. Lasker Library, EWU Reference Section 18/11/1996 Karim International 0.00   423.39144 DES 1959 272 C-1 Text    
    Dewey Decimal Classification       Dr. S. R. Lasker Library, EWU Dr. S. R. Lasker Library, EWU   22/12/2014       423.39149 DES 0     Ref. 22/12/2014 22/12/2014